Národní báchorky a pověsti. sv. 1 / Božena Němcová ; k vydání připravili Zdeňka Havránková, Rudolf Havel
Opět první svazek národních báchorek a pověstí, psaných na lidové motivy, odposlouchaných z úst domažlického lidu, na Slovensku, v Ratibořicích i od vlastní babičky, do nichž Božena Němcová, nadšená krásou lidové řeči a národními tradicemi, vložila srdce, přání a tužby svého lidu.
Record details
- Physical Description: 345 s. ; 21 cm
- Edition: 2. vyd.
- Publisher: Praha : SNKLHU, 1956
Content descriptions
| General Note: | 30000 výt. |
Search for related items by series
Available copies
- 1 of 1 copy available at Common Catalog SPOK.
Holds
- 0 current holds with 1 total copy.
Show Only Available Copies
| Location | Call Number / Copy Notes | Barcode | Shelving Location | Status | Due Date |
|---|---|---|---|---|---|
| Hospic Dobrého Pastýře | BE-N
Tematická katagorie: Beletrie (BE) |
204595701642 | Knihovna | Available | - |
Electronic resources
Version of Resource: Digitalizovaný dokument
| LDR | 01432nam a22003131 4500 | ||
|---|---|---|---|
| 001 | 29738 | ||
| 003 | CZ-PrJAB | ||
| 005 | 20171208131629.0 | ||
| 007 | ta | ||
| 008 | 981207s1956 xr 000 | cze | ||
| 015 | . | ‡acnb000163536 | |
| 020 | . | ‡q(Váz.) | |
| 035 | . | ‡a(CZ PrNK)bk195603100 | |
| 035 | . | ‡a(OCoLC)85187294 | |
| 040 | . | ‡aABA001 ‡bcze ‡cBOA001 ‡dABA001 | |
| 100 | 1 | . | ‡aNěmcová, Božena, ‡d1820-1862 ‡7jk01083016 ‡4aut |
| 245 | 1 | 0. | ‡aNárodní báchorky a pověsti. ‡nsv. 1 / ‡cBožena Němcová ; k vydání připravili Zdeňka Havránková, Rudolf Havel |
| 250 | . | ‡a2. vyd. | |
| 260 | . | ‡aPraha : ‡bSNKLHU, ‡c1956 ‡f(Práce) | |
| 300 | . | ‡a345 s. ; ‡c21 cm | |
| 490 | 1 | . | ‡aNárodní knihovna ; ‡vsv. 46 |
| 500 | . | ‡a30000 výt. | |
| 520 | . | ‡aOpět první svazek národních báchorek a pověstí, psaných na lidové motivy, odposlouchaných z úst domažlického lidu, na Slovensku, v Ratibořicích i od vlastní babičky, do nichž Božena Němcová, nadšená krásou lidové řeči a národními tradicemi, vložila srdce, přání a tužby svého lidu. | |
| 700 | 1 | . | ‡aHavel, Rudolf, ‡d1911-1993 ‡7jk01040236 ‡4edt |
| 700 | 1 | . | ‡aHavránková, Zdenka, ‡d1909- ‡7jk01040451 ‡4edt |
| 830 | 0. | ‡aNárodní knihovna (Státní nakladatelství krásné literatury, hudby a umění) | |
| 856 | 4 | 1. | ‡uhttp://kramerius4.nkp.cz/search/handle/uuid:9c1fdfd0-e7aa-11e6-8010-005056827e51 ‡yDigitalizovaný dokument |
| 910 | . | ‡aBNE702 | |
| 964 | . | ‡aPohádky české | |
| 998 | . | ‡a000163536 | |
| 901 | . | ‡a29738 ‡b ‡c29738 ‡tbiblio | |